Lý thuyết giá cả và sự vận dụng
Guardat en:
| Autor principal: | |
|---|---|
| Altres autors: | |
| Format: | Llibre |
| Idioma: | Vietnamese |
| Publicat: |
Khoa học và kỹ thuật
1996
|
| Etiquetes: |
Afegir etiqueta
Sense etiquetes, Sigues el primer a etiquetar aquest registre!
|
| Thư viện lưu trữ: | Mạng thư viện Đại học Đà Nẵng |
|---|
| LEADER | 00838nam a2200265 4500 | ||
|---|---|---|---|
| 001 | 000020480 | ||
| 003 | 16926 | ||
| 005 | 20150320080304.0 | ||
| 008 | 150320s1996 viesd | ||
| 020 | |c 85000 | ||
| 041 | 0 | |a vie | |
| 082 | 1 | 4 | |a 339.42 |b HI-J |
| 100 | 1 | |a Hirshleifer, Jack | |
| 245 | 1 | 0 | |a Lý thuyết giá cả và sự vận dụng |c Jack Hirshleifer, Amihai Glazer ; Nguyễn Văn Chất, Nguyễn Đình Cung, Phạm Thị Hạnh,.dịch. |
| 260 | |b Khoa học và kỹ thuật |c 1996 | ||
| 300 | |a tr. |c cm. | ||
| 700 | 1 | |a Amihai Glazer |a Nguyễn Văn Chất |a Nguyễn Đình Cung |a Phạm Thị Hạnh |e Dich | |
| OWN | |a LSP | ||
| 999 | |a From the UDN01 | ||
| TYP | |a Monograph | ||
| TYP | |a Printed language | ||
| 980 | |a Mạng thư viện Đại học Đà Nẵng | ||